书目信息 |
| 题名: |
全球生态环境遥感监测2021年度报告
|
|
| 作者: | 王琦安 , 柳钦火 编著 | |
| 分册: | 全球陆域生态系统可持续发展态势 | |
| 出版信息: | 北京 测绘出版社 2022.06 |
|
| 页数: | 94页 | |
| 开本: | 29cm | |
| 丛书名: | ||
| 单 册: | ||
| 中图分类: | X835 , P9 | |
| 科图分类: | ||
| 主题词: | 环境遥感--huan jing yao gan--应用--生态环境--全球环境监测--研究报告--2021 , 环境遥感--huan jing yao gan--应用--陆地--生态系--全球环境监测--研究报告--2021 | |
| 电子资源: | ||
| ISBN: | 978-7-5030-4429-8 | |
| 000 | 01452nam 2200313 450 | |
| 001 | 96803 | |
| 005 | 20250913140032.49 | |
| 010 | @a978-7-5030-4429-8@dCNY112.00 | |
| 100 | @a20220914d2022 em y0chiy50 ea | |
| 101 | 0 | @achi |
| 102 | @aCN@b110000 | |
| 105 | @aab a 000yy | |
| 106 | @ar | |
| 200 | 1 | @a全球生态环境遥感监测2021年度报告@Aquan qiu sheng tai huan jing yao gan jian ce 2021 nian du bao gao@i全球陆域生态系统可持续发展态势@f王琦安, 柳钦火等编著 |
| 210 | @a北京@c测绘出版社@d2022.06 | |
| 215 | @a94页@c图 (部分彩图), 地图@d29cm | |
| 300 | @a本报告由全球空间遥感信息报送和年度报告工作专项支持 | |
| 320 | @a有书目 (第92-93页) | |
| 330 | @a本书面向联合国可持续发展目标15, 生产了2015年、2020年陆地生态系统格局及变化产品、2010一2020年全球植被生长状况等数据产品, 开展了全球陆域生态系统格局和植被生长状况监测分析, 评估了全球山地和自然保护地的生态系统保护成效、驱动机制和可持续发展态势, 可为全球陆域生态系统的认知提供科学依据。 | |
| 517 | 1 | @a全球陆域生态系统可持续发展态势@Aquan qiu lu yu sheng tai xi tong ke chi xu fa zhan tai shi |
| 606 | 0 | @a环境遥感@Ahuan jing yao gan@x应用@x生态环境@x全球环境监测@x研究报告@z2021 |
| 606 | 0 | @a环境遥感@Ahuan jing yao gan@x应用@x陆地@x生态系@x全球环境监测@x研究报告@z2021 |
| 690 | @aX835@v5 | |
| 690 | @aP9@v5 | |
| 701 | 0 | @a王琦安@Awang qi an@4编著 |
| 701 | 0 | @a柳钦火@Aliu qin huo@4编著 |
| 801 | 0 | @aCN@c20250909 |
| 905 | @a河南城建学院图书馆@dX835@eW310-13 | |
| 962 | @a20018143 | |
| 全球生态环境遥感监测2021年度报告.全球陆域生态系统可持续发展态势/王琦安, 柳钦火等编著.-北京:测绘出版社,2022.06 |
| 94页:图 (部分彩图), 地图;29cm |
| 本报告由全球空间遥感信息报送和年度报告工作专项支持 |
| ISBN 978-7-5030-4429-8:CNY112.00 |
| 本书面向联合国可持续发展目标15, 生产了2015年、2020年陆地生态系统格局及变化产品、2010一2020年全球植被生长状况等数据产品, 开展了全球陆域生态系统格局和植被生长状况监测分析, 评估了全球山地和自然保护地的生态系统保护成效、驱动机制和可持续发展态势, 可为全球陆域生态系统的认知提供科学依据。 |
| ● |
| 相关链接 |
|
|
|
正题名:全球生态环境遥感监测2021年度报告
索取号:X835/W310-13
 
预约/预借
| 序号 | 登录号 | 条形码 | 馆藏地/架位号 | 状态 | 备注 |
| 1 | 1638325 | 216383250 | 自科库501/501自科库 118排1列2层/ [索取号:X835/W310-13] | 在馆 |